Statistics for Oldest Colleges

Click here to take the quiz!

General Stats

  • This quiz has been taken 1,473 times
    (1,401 since last reset)
  • The average score is 10 of 25

Answer Stats

YearUniversity/College% Correct
1636Harvard University
98%
1701Yale University
96%
1746Princeton University
87%
1764Brown University
82%
1740University of Pennsylvania
81%
1754Columbia University
79%
1769Dartmouth College
76%
1693College of William and Mary
66%
1795University of North Carolina
45%
1789Georgetown University
43%
1766Queen's College/Rutgers University
38%
1696St. John's College
35%
1785University of Georgia
34%
1770College of Charleston
31%
1743University of Delaware
25%
1791University of Vermont
22%
1782Washington College
21%
1794Bowdoin College
13%
1749Washington and Lee
12%
1775Hampden-Sydney College
5%
1795Union College
4%
1772Salem College
3%
1742Moravian College & Theological Institute
3%
1783Dickinson College
2%
1780Transylvania University
2%

Score Distribution

Percentile by Number Answered

Percent of People with Each Score

Your Score History

You have not taken this quiz since the last reset